Grupos y dispositivos de formación /

Guardado en:
Autor Principal: Souto, Marta
Otros Autores: Barbier, Jean Marie, Cattaneo, Mabel, Coronel, Mirtha G. R. de, Gaidulewicz, Laura, Goggi, Nora E., Mazza, Diana
Formato: Libro
Publicado: Buenos Aires : Novedades educativas, 1999
Series:Formación de formadores. Serie Los documentos; No. 10
Materias:
Etiquetas: Agregar Etiqueta
Sin Etiquetas, Sea el primero en etiquetar este registro!
LEADER 01835nam a22003255a 4500
001 CEM.cems012374
005 20061227185427.0
008 130507s1999##################000#0#####d
003 CEMS
020 |a 987919148X 
082 0 4 |a 371.3 
100 1 |a Souto, Marta 
245 1 0 |a Grupos y dispositivos de formación /  |c Marta Souto ; jean Marie Barbier ; mabel Cattaneo ; mirtha Coronel ; laura Gaidulewicz ; nora E. Goggi ; diana Mazza 
260 |a Buenos Aires :  |b Novedades educativas,  |c 1999 
300 |a 143 p. 
490 0 |a Formación de formadores. Serie Los documentos; No. 10 
504 |a Contiene referencias bibliográficas al final de cada capítulo. 
505 0 |a Un dispositivo de formación: el seminario-taller grupos de formación / Marta Souto -- Cuál fue la aventura? / Mabel Cattaneo -- Grupos de formación / Marta Souto -- Grupos de formación y el rol del coordinador / Nora E. Goggi -- El dispostivo en el campo pedagógico / Marta Souto -- El concepto de dispositivo en el pensamiento de Foucault / Laura Gaidulewicz -- La relación teoría-técnica. La noción de dispositivo desde el psicoanálisis / Diana Mazza -- Los dispositivos pedagógicos desde la perspectiva técnica / Marta Souto -- Grupos de reflexión en formación. Las pasiones del formador o el formador de pasiones / Mirtha G. R. de Coronel -- Tutoría y función tutorial. Algunas vías de análisis / Jean Marie Barbier 
653 |a Dinámica de grupo 
653 |a Enseñanza en grupo 
653 |a Rol del docente 
653 |a Psicología social 
653 |a Tutorías 
700 1 |a Barbier, Jean Marie 
700 1 |a Cattaneo, Mabel 
700 1 |a Coronel, Mirtha G. R. de 
700 1 |a Gaidulewicz, Laura 
700 1 |a Goggi, Nora E. 
700 1 |a Mazza, Diana 
859 |a CEMS  |b BIB. CEMS - 11 de abril  |h 371.3  |i So89  |p 23671.06  |t Ej.1